Properties influenced by addition of copoly(ethylene/octene) in BR-NBR blends (Record no. 65972)

MARC details
000 -LEADER
fixed length control field 00389nam a2200133Ia 4500
100 ## - MAIN ENTRY--AUTHOR NAME
Personal name Sirisinha C
245 #0 - TITLE STATEMENT
Title Properties influenced by addition of copoly(ethylene/octene) in BR-NBR blends
260 ## - PUBLICATION, DISTRIBUTION, ETC. (IMPRINT)
Name of publisher Plastics, Rubber and Composites
Year of publication 2001
300 ## - PHYSICAL DESCRIPTION
Number of Pages 24-29
650 ## - SUBJECT ADDED ENTRY--TOPICAL TERM
Topical Term BR-NBR blends
700 ## - ADDED ENTRY--PERSONAL NAME
Personal name Prayoonchatphan N
942 ## - ADDED ENTRY ELEMENTS (KOHA)
Koha item type Journals
Holdings
Withdrawn status Lost status Damaged status Not for loan Home library Current library Shelving location Date acquired Serial Enumeration / chronology Koha item type
      Journals RRII Library RRII Library Rubber chemistry 17/12/2021 Volume 30, Issue 1 Journals